Election of 1864 Trivia - Statistics

General Stats
  • This quiz has been taken 25 times
  • The average score is 15 of 19
Answer Stats
Hint Answer % Correct
Victor Abraham Lincoln
100%
Their Party Democrat
100%
Ongoing War During the Election Civil War
94%
Their Home State Illinois
94%
Opponent George B McClellan
89%
States That Voted for the Loser Kentucky
89%
Largest Third Party Radical Democracy
89%
Their Home State New Jersey
83%
New Jersey
83%
Delaware
78%
Their Previous Job General
78%
Louisiana
78%
States That Voted Despite Being Part of the Confederacy Tennessee
78%
State with the Closest Margin (1%) New York
72%
Their Running Mate Andrew Johnson
67%
Their Party National Union
67%
Their Candidate (Earlier a Republican Presidential Candidate) John C Fremont
56%
State with the Largest Margin (61%) Kansas
56%
Their Running Mate George H Pendleton
44%
No matching quizzes found
Score Distribution
Percent of People with Each Score
Percentile by Number Answered
Your Score History
You have not taken this quiz